Γλώσσα και ειδική αγωγή : ψυχογλωσσική προσέγγιση

Αποθηκεύτηκε σε:
Λεπτομέρειες βιβλιογραφικής εγγραφής
Άλλοι συγγραφείς: Ανδρέου, Γεωργία, 1961- (edtf)
Μορφή: Βιβλίο
Γλώσσα:Greek
Δημοσίευση: Θεσσαλονίκη : Γιαχούδης, 2022.
Έκδοση:2η έκδ.
Θέματα:
Ετικέτες: Προσθήκη ετικέτας
Δεν υπάρχουν, Καταχωρήστε ετικέτα πρώτοι!

MARC

LEADER 00000nam a2200000 a 4500
001 1/125768
008 221223s2022####gr | ||| |||| ||gre||
020 |a 9786185393342 
040 |a GR-MyUa  |b gre  |c GR-MyUa  |e AACR2 
041 0 |a gre 
082 7 |a 618.92855   |2 (23) 
245 0 0 |a Γλώσσα και ειδική αγωγή :   |b ψυχογλωσσική προσέγγιση /   |c επιστημονική επιμέλεια: Γεωργία Ανδρέου.  
250 |a 2η έκδ.  
260 |a Θεσσαλονίκη :   |b Γιαχούδης,   |c 2022.  
300 |a 252 σ. ;   |c 24 εκ.  
504 |a Περιλαμβάνει βιβλιογραφικές παραπομπές.  
650 0 |a Language disorders in children. 
650 0 |a Children with mental disabilities. 
650 0 |a Special education. 
650 0 |a Learning disabled children  |x Education  |x Language arts. 
700 1 |a Ανδρέου, Γεωργία,   |d 1961-  |e edtf 
852 |a INST  |b RHODES  |c EUDOXUS  |e 20221223  |h 618.92855 ΓΛΩ  |p 005400043216  |q 005400043216  |t EDX  |y 0 
920 |a Εύδοξος  |b Παραγγελία  |y Ρόδος-ΤΕΠΑΕΣ  |z 2022-12 
970 |z 23-12-2022